Welcome to CU Library Online Public Access Catalogue (OPAC)

Business (Record no. 7227)

MARC details
000 -LEADER
fixed length control field 00384ncm a22001573 4500
001 - CONTROL NUMBER
control field 23469674
005 - DATE AND TIME OF LATEST TRANSACTION
control field 20250801154827.0
006 - FIXED-LENGTH DATA ELEMENTS--ADDITIONAL MATERIAL CHARACTERISTICS
fixed length control field m |o d |
007 - PHYSICAL DESCRIPTION FIXED FIELD--GENERAL INFORMATION
fixed length control field cr |||||||||||
007 - PHYSICAL DESCRIPTION FIXED FIELD--GENERAL INFORMATION
fixed length control field qu
008 - FIXED-LENGTH DATA ELEMENTS--GENERAL INFORMATION
fixed length control field 231115s1884 xxuuul|o|||||||n| | und
245 00 - TITLE STATEMENT
Title Business
300 ## - PHYSICAL DESCRIPTION
Extent 1 online resource (1 score)
856 41 - ELECTRONIC LOCATION AND ACCESS
Uniform Resource Identifier <a href="http://hdl.loc.gov/loc.music/sm1884.10091">http://hdl.loc.gov/loc.music/sm1884.10091</a>
942 ## - ADDED ENTRY ELEMENTS (KOHA)
Source of classification or shelving scheme Library of Congress Classification
Koha item type Books
Suppress in OPAC No
999 ## -
-- 7227
-- 7227
Holdings
Withdrawn status Lost status Source of classification or shelving scheme Damaged status Not for loan Collection Home library Current library Shelving location Date acquired Total checkouts Full call number Barcode Date last seen Copy number Price effective from Koha item type
    Library of Congress Classification     Reference Undergraduate Library (Christ Temple) Undergraduate Library (Christ Temple) General stacks 08/01/2025   REF HD31 BUS ulct00004254 08/01/2025 1 08/01/2025 Books
© 2023-2024 Copyright: Central University Libraries. All Rights Reserved | Created by: Mahone Tech Office